000 00564cam a2200217ua 4500
001 9744
005 20260515114522.0
008 160816n ii |||gr||||Z||||||asm
040 _cMAIN
041 _aasm
082 _a920
100 _aFicher, Lui,
_eAuthor.
245 _aMahatma Gandhir jibon kotha
_cTranslated by Rupa Bora
250 _a3rd ed.
260 _aNagaon:
_bJagaran sahitya prakash,
_c2010.
300 _a254p.
653 _aBiography, genealogy & insignia
653 _aAssamese biography
700 _aBora, Rupa,
_eTranslator.
942 _cBK
999 _c8747
_d8747